00282nam a2200109Ia 4500008004000000082001600040100002100056245003200077260004200109300000900151650001200160210210b1992 xxu||||| |||| 00| 0 eng d a792.03 BANC aBANHAM (Martin). aCambridge guide to theater. aN YbCambridge University Pressc1992 a1104 aTheater